Music Quiz

Random Music Quiz

Astro members Quiz Stats

 Plays Quiz not verified by Sporcle

Challenge
Share
Tweet
Embed
Score 0/6 Timer 01:00
0 Plays Today
Question Answer Wrong Answers
2000 sanha
87.4%
minhyuk
2.9%
dongmin
4.9%
mj
3.9%
1998 moonbin
74.8%
dongmin
13.6%
minhyuk
2.9%
sanha
7.8%
1997 dongmin
74.8%
moonbin
5.8%
sanha
1%
jinjin
16.5%
1999 minhyuk
69.9%
myungjun
5.8%
moonbin
10.7%
sanha
13.6%
1994 Myungjun
68.9%
jinwoo
11.7%
dongmin
13.6%
minhyuk
5.8%
1996 jinwoo
64.1%
dongmin
12.6%
moonbin
16.5%
minhyuk
6.8%

You're not logged in!

Compare scores with friends on all Sporcle quizzes.
OR
Log In

You Might Also Like...

Show Comments

Extras

Created Jan 27, 2017ReportNominate
Tags:astro

Top Quizzes Today


Score Distribution

Your Account Isn't Verified!

In order to create a playlist on Sporcle, you need to verify the email address you used during registration. Go to your Sporcle Settings to finish the process.

Report this User

Report this user for behavior that violates our Community Guidelines.

Details: